Divided they stand

Saved in:
Bibliografiske detaljer
Hovedforfatter: English, David (Author)
Format: Bog
Sprog:engelsk
Udgivet: Englewood Cliffs Prentice-Hall 1969
Fag:
Tags: Tilføj Tag
Ingen Tags, Vær først til at tagge denne postø!

MARC

LEADER 00000nam a2200000 a 4500
001 UCP6922
003 CL-VaPUC
005 20220826134408.0
008 991126e19690000us |||||||||||||||||eng|d
999 |c 284296  |d 284294 
040 |c Pontificia Universidad Católica de Valparaíso 
082 0 4 |a 324.973  |b ENG  |2 21 
100 0 |a English, David  |e author  |9 436219 
245 1 0 |a Divided they stand 
260 |a Englewood Cliffs  |b Prentice-Hall  |c 1969 
300 |a 428 p 
583 |a last modification  |c 20150429 04:26:05  |k Rodrigo Vera 
600 0 7 |a McCarthy, Eugene Joseph,  |d 1916-2005  |9 864067 
600 0 7 |a WALLACE, GEORGE CORLEY  |2 CL-VaPUC  |9 436221 
600 0 |a Nixon, Richard  |q (Richard Milhous),  |d 1913-1994  |9 876009 
600 0 |a Humphrey, Hubert Hotario   |d 1911-1978  |9 436222 
600 0 7 |a JOHNSON, LYNDON B  |2 CL-VaPUC  |9 376350 
650 7 |a PROCESO POLITICO  |2 CL-VaPUC  |9 405102 
650 7 |a PARTIDO POLITICOS  |2 CL-VaPUC  |9 436223 
650 0 |a Elecciones  |9 254997 
651 0 |a Estados Unidos  |9 255178 
942 |c BK  |2 ddc 
945 |d 19991126 00:00:00  |a crobeson 
952 |0 0  |1 0  |4 0  |6 324_973000000000000_ENG_1969  |7 0  |8 A  |9 328168  |a BIBHIS  |b BIBHIS  |d 2019-11-20  |i 137141K  |o 324.973 ENG 1969  |p 137141K  |r 2025-01-20  |w 2019-11-20  |y BK  |k HIS